| 000 | 00701nam a2200229 a 4500 | ||
|---|---|---|---|
| 008 | 960129s1965||||[C 0 slo c | ||
| 040 |
_aSNK _bslo _cSNK _eAACR2 |
||
| 041 | 1 | _aslo | |
| 044 |
_axo _cSK |
||
| 080 | _a781+78(091)+784.4 | ||
| 100 | 1 |
_aBartók, Béla _4aut |
|
| 245 | 1 | 0 |
_aPostrehy a názory _cBéla Bartók ; Výber zost. Oskár Elschek ; Prel. Eva Hykischová |
| 250 | _a1. vyd. | ||
| 260 |
_aBratislava _bŠHV _c1965 _eTrnava _fPolygraf. záv. |
||
| 300 |
_a218, [16] s. _c8ř |
||
| 490 | 0 |
_aEdícia hudobnej literatúry _vzv. 38. |
|
| 700 | 1 |
_aElschek, Oskár _4com |
|
| 700 | 1 |
_aHykischová, Eva _4trl |
|
| 765 | 0 | _tBartók Béla válogatott irássai | |
| 020 | _c22 | ||
| 958 | _aA | ||
| 999 |
_c15114 _d15114 |
||